| 000 | 00413nam a2200181Ia 4500 | ||
|---|---|---|---|
| 008 | 170705s9999 xx 000 0 und d | ||
| 020 | _a9780531265840 | ||
| 245 | _aGravity / | ||
| 245 | _cMatt Mullins. | ||
| 260 | _aNew York : | ||
| 260 | _bChildren's Press, | ||
| 260 | _c2012 | ||
| 300 | _a48 pages : | ||
| 300 | _bcolor illustration ; | ||
| 300 | _c21cm. | ||
| 440 | _aA true book. | ||
| 500 | _a910 | ||
| 999 |
_c336970 _d336970 |
||